000 00630nam a2200217Ia 4500
005 20260429111957.0
008 260429s9999||||xx |||||||||||||| ||und||
020 _a9789819811922
041 _aEnglish
082 _a660.294
_bWAN
100 _aWang, Jiangyong
245 0 _aQuantitative depth profiling and diffusion in thin films /
_cJiangyong Wang
260 _aSingapore :
_bWorld Scientific Publishing,
_c2025.
300 _axi, 266 p.; hb
650 _a Applied physical chemistry
650 _a Diffusion
650 _aChemical engineering
700 _a Lian, Songyou
700 _a Yan, Xinliang
942 _cTB
999 _c51715
_d51715